Požírač kostí

Podrobná bibliografia
Ďalší autori: Wynorski, Jim, 1950- (Režisér)
Médium: Video DVD
Jazyk:angličtina
čeština
maďarčina
Fyzický popis:1 videodisk (DVD) (84 min.) fareb., zvuk.
Vydavateľské údaje: Bratislava Intersonic 2007
Predmet:

MARC

LEADER 00000ngm a2200000 a 4500
001 vtls009155652
003 SK-MaSNL
005 20260302005453.0
007 vd cvaizs
008 071105s2007 xo 084 d s vleng
028 4 2 |a 99355  |b Intersonic 
040 |a SNK  |b slo  |c SNK  |e AACR2 
041 1 |a eng  |a cze  |a hun  |b cze  |b hun  |h eng 
044 |a xo  |c SK 
072 7 |a 791  |x Film. Cirkus. Ľudová zábava  |2 konspekt 
080 |a 791.221.5(73)  |2 2001 
080 |a (0.034.44)  |2 2001 
130 0 |a The Bone Eater  |l Česky  |9 646962 
245 1 0 |a Požírač kostí  |h videozáznam  |c [réžia] Jim Wynorski 
260 |a Bratislava  |b Intersonic  |c 2007 
300 |a 1 videodisk (DVD) (84 min.)  |b fareb., zvuk. 
500 |a Zvuk Dolby Digital ; obraz PAL 16:9 
521 |a Mládeži do 18 r. nevhodné 
546 |a V originálnon angl. znení, čes. a maď. dabing, čes. a maď. titulky 
650 0 7 |a hrané filmy  |2 SNKPH  |9 68885 
650 0 7 |a filmový horor  |2 SNKPH  |9 405061 
655 7 |a DVD  |2 SNKPH  |9 70751 
700 1 |a Wynorski, Jim,  |d 1950-  |4 drt  |9 355778 
999 |c 999596  |d 1001526 
952 |a SNK  |b SNK  |y PREZ  |7 0  |p 17A0567060  |o snkSDVD 257  |i snk2007/23697  |8 0  |0 0  |1 0  |4 0  |d 2007-11-05  |l 0  |r 2026-02-24 12:15:38  |w 2026-02-24